| 000 | 00662nam a2200217 u 4500 | ||
|---|---|---|---|
| 005 | 20240228063949.0 | ||
| 008 | 080804s2006 r 000 0 eng d | ||
| 020 | _a9501120937 (10 dígitos) | ||
| 020 | _a9789501120936 (13 dígitos) | ||
| 035 | _aUPN01000158857 | ||
| 049 | _aI | ||
| 050 | 4 |
_aPZ76.3 _bG7.6 |
|
| 100 | 1 | _aGranata, María | |
| 245 | 1 | 0 |
_aPico de cigüeña, trompa de elefante / _cMaría Granata. |
| 260 |
_aBuenos Aires : _bSigmar, _cc2006. |
||
| 300 |
_a16 p. : _bprincipalmente il. col. |
||
| 440 | 3 | _aEl aljibe | |
| 650 | 7 |
_aAnimales _vLiteratura infantil _2 _91061 |
|
| 650 | 4 |
_aLibros y lectura para niños _92290 |
|
| 905 | _aInfantil | ||
| 999 |
_c130971 _d130971 |
||